LDR 01004naa#a2200217#i#450# 001 RU\INFRA-M\bibl\123034 005 20260513205545.3 011 ## _a1998-1740 100 ## _a20260430b2026####ek#y0rusy0150####ca 102 ## _aRU 200 1# _aФеномен репетиторства в современном российском образовании _eЖурнальная статья 210 1# _aМосква _cОбщество с ограниченной ответственностью «Научно-издательский центр ИНФРА-М» _d2026 215 ## _a6 с. 608 ## _aЖурнальная статья _2local 675 ## _aВоспитание и обучение с учетом индивидуальных особенностей. Консультирование. 37.04 _z 700 #1 _aФедорова _gО. М. 700 #1 _aРадкевич _gЕ. В. 700 #1 _aЛаппо _gЕ. Л. 700 #1 _aГарская _gЕ. С. 700 #1 _aРужьев _gВ. А. 856 4# _anaukaru.ru _u